Brésil 2022 - Statistiques

Statistiques générales
  • Ce quiz a été pris 42 fois
  • Le résultat moyen est 20 sur 26
Statistiques - réponses
Par images Réponse % Correct
Ederson
100%
Lucas Paquetá
100%
Marquinhos
100%
Neymar
100%
Raphinha
100%
Thiago Silva
100%
Vinícius Júnior
100%
Alisson
97%
Casemiro
97%
Dani Alves
97%
Richarlison
97%
Rodrygo
97%
Éder Militão
95%
Gabriel Jesus
95%
Fabinho
92%
Antony
84%
Bruno Guimarães
79%
Gabriel Martinelli
71%
Danilo
66%
Alex Sandro
61%
Fred
58%
Bremer
55%
Alex Telles
39%
Weverton
18%
Pedro
8%
Éverton Ribeiro
5%
Aucun quiz correspondant
Distribution des résultats
% des personnes avec chaque résultat
Percentile par nombre de réponses
Votre historique - résultats
Vous n’avez pas pris ce quiz